00391 a2200133 450000500170000000800410001702000180005808200150007610000110009124500300010226000340013230000130016650000780017920250221110339.0240718b |||||||| |||| 00| 0 eng d a9781859469491 a720.22/HIN aHind C aArchitecture Drawing Book bRiba Publishingc2023aLondon a240pbHB aA brief History of Riba Collection Concepts Sketches Buildings in context